000 00503naa a22001217u 4500
008 130517b1956 xxu||||| |||| 00| 0 spa d
040 _aSPA
100 1 _aSutcliffe, Edmund F.
_92815
245 0 0 _aComentario al Génesis
300 _a136-161 p.
_c22 cm.
773 0 _tVerbum Dei I:Tomo primero: Introducción general. Antiguo Testamento: Génesis a Paralipómenos
_aORCHARD, B.; SUTCLIFFE, Edmund F.; FULLER, R.C.; RUSSELL, R.;GRIFFIN, Bernard
_dBarcelona,Herder,1956,
_gpágs. 136-161,
_w339
942 _cAC
999 _c213134
_d213134